[Event "Titled Tuesday intern op 23rd Apr Late"]
[Site "Chess.com INT"]
[Date "2024.04.23"]
[Round "3"]
[White "Kalinin, Dmitry2"]
[Black "Hilkevich, Zahar"]
[Result "0-1"]
[WhiteElo "1997"]
[BlackElo "2022"]
[PlyCount "90"]
[EventDate "2024.04.23"]
[EventType "swiss (blitz)"]
[EventRounds "11"]
[EventCountry "USA"]
[SourceTitle "CB18_2024"]
[SourceDate "2024.05.01"]
[SourceVersion "1"]
[SourceVersionDate "2024.05.01"]
[SourceQuality "2"]

1. d4 e6 2. e4 d5 3. e5 c5 4. c3 Nc6 5. Nf3 Nge7 6. dxc5 Ng6 7. Bb5 Bxc5 8. Qe2 Bd7 9. Bxc6 bxc6 10. b4 Be7 11. Be3 Qb8 12. Bd4 Nf4 13. Qf1 c5 14. Be3 Bb5 15. Qg1 Ne2 16. Qf1 Nxc3 17. Qg1 Ne2 18. Qf1 d4 19. a4 Bd3 20. Bd2 c4 21. b5 0-0 22. Qxe2 Bxe2 23. Kxe2 Rd8 24. Rd1 a6 25. Ba5 d3+ 26. Kf1 Rd7 27. Nc3 f6 28. b6 Bc5 29. Re1 Bxb6 30. Rab1 Rb7 31. Bxb6 Rxb6 32. Rbc1 f5 33. Nd2 Rc6 34. f4 Qb4 35. Nf3 Rd8 36. Red1 Qb2 37. Nd2 Qb6 38. Nf3 Qe3 39. Rd2 Qxf4 40. Re1 Rb8 41. Kf2 Rb3 42. g3 Qh6 43. Rc1 Rcb6 44. Rdd1 Rb2+ 45. Kg1 Qe3+ 0-1

[Event "Titled Tuesday intern op 16th Apr Late"]
[Site "Chess.com INT"]
[Date "2024.04.16"]
[Round "9"]
[White "Rietze, Clemens"]
[Black "Hilkevich, Zahar"]
[Result "0-1"]
[WhiteElo "2367"]
[BlackElo "2022"]
[PlyCount "90"]
[EventDate "2024.04.16"]
[EventType "swiss (blitz)"]
[EventRounds "11"]
[EventCountry "USA"]
[SourceTitle "CB17_2024"]
[SourceDate "2024.04.24"]
[SourceVersion "1"]
[SourceVersionDate "2024.04.24"]
[SourceQuality "1"]

1. d4 e6 2. c4 f5 3. Nc3 Nf6 4. a3 Be7 5. Nf3 0-0 6. g3 d6 7. Bg2 Ne4 8. Qc2 Nxc3 9. Qxc3 a5 10. b3 Nc6 11. Bb2 Bf6 12. Qd2 e5 13. d5 Nb8 14. 0-0 Nd7 15. Qc2 Nc5 16. b4 Na6 17. Qb3 b6 18. e4 f4 19. Kh1 Qe8 20. gxf4 exf4 21. Bxf6 Rxf6 22. Rae1 Bg4 23. e5 Rh6 24. Ng1 Qh5 25. h3 Rf8 26. Bf3 dxe5 27. Bxg4 Qxg4 28. Qf3 Qf5 29. Re4 axb4 30. axb4 Nxb4 31. Rfe1 Rh5 32. Rxe5 Qxe5 33. Rxe5 Rxe5 34. Ne2 Na6 35. Nd4 Nc5 36. Kg2 h6 37. h4 Rf6 38. Kf1 Re4 39. Ne6 Rxc4 40. Nxc5 Rxc5 41. Qd3 Rd6 42. Qe4 Rcxd5 43. Qxf4 Rd4 44. Qe3 Kh7 45. Qe2 Rxh4 0-1

[Event "Speed Chess GP3"]
[Site "Chess.com INT"]
[Date "2021.10.02"]
[Round "7"]
[White "Vifleemskaia, Svetlana"]
[Black "Hilkevich, Zahar"]
[Result "0-1"]
[WhiteElo "1926"]
[BlackElo "2111"]
[PlyCount "84"]
[EventDate "2021.10.02"]
[EventType "swiss (blitz)"]
[EventRounds "10"]
[EventCountry "USA"]
[SourceTitle "CBM 204 Extra"]
[Source "ChessBase"]
[SourceDate "2021.11.30"]
[SourceVersion "1"]
[SourceVersionDate "2021.11.30"]
[SourceQuality "1"]

1. d4 e6 2. c4 f5 3. Nf3 Nf6 4. Bf4 b6 5. Qc2 Bb7 6. a3 Bd6 7. e3 0-0 8. Nc3 Ne4 9. Bd3 Nxc3 10. Bxd6 cxd6 11. Qxc3 Nc6 12. 0-0 Ne7 13. b4 Ng6 14. d5 Qe7 15. e4 f4 16. Nd4 Rac8 17. Qd2 Ne5 18. Rac1 Rf6 19. f3 g5 20. Ne2 Kh8 21. Kh1 Rh6 22. g3 fxg3 23. Nxg3 Rf8 24. Kg2 Ng6 25. Qc3+ Kg8 26. Ne2 Nh4+ 27. Kg3 Rhf6 28. Ng1 Qg7 29. Be2 Ng6 30. Nh3 Qh6 31. Rce1 Nf4 32. Nxf4 Rxf4 33. Bd1 Rh4 34. Rf2 Rh3+ 35. Kg2 Rxh2+ 36. Kf1 Rh1+ 37. Ke2 Rh3 38. Qe3 Qf6 39. Rg1 h6 40. Ke1 Kh8 41. Rfg2 exd5 42. cxd5 Ba6 0-1

[Event "Speed Chess GP2"]
[Site "Chess.com INT"]
[Date "2021.09.25"]
[Round "6"]
[White "Hilkevich, Zahar"]
[Black "Iljushina, Olga"]
[Result "1-0"]
[WhiteElo "2111"]
[BlackElo "2035"]
[PlyCount "137"]
[EventDate "2021.09.25"]
[EventType "swiss (blitz)"]
[EventRounds "10"]
[EventCountry "USA"]
[SourceTitle "CBM 204 Extra"]
[Source "ChessBase"]
[SourceDate "2021.11.30"]
[SourceVersion "1"]
[SourceVersionDate "2021.11.30"]
[SourceQuality "1"]

1. d4 d5 2. c4 c6 3. Nf3 e6 4. Qb3 Qb6 5. c5 Qc7 6. g3 Nd7 7. Bf4 Qd8 8. Bh3 Be7 9. Nbd2 f5 10. Qe3 Nf8 11. Bg2 Ng6 12. Be5 Nxe5 13. Nxe5 Nf6 14. f3 0-0 15. 0-0 Nd7 16. Nd3 Rf6 17. b4 a6 18. a4 Rh6 19. b5 axb5 20. axb5 Bg5 21. f4 Rxa1 22. Rxa1 Bf6 23. b6 g5 24. Nf3 gxf4 25. Qxe6+ Kg7 26. Qxf5 Nxc5 27. Qxf4 Nxd3 28. exd3 Rg6 29. Qc7+ Qd7 30. Ra8 Qxc7 31. bxc7 Bg4 32. c8Q Bxc8 33. Rxc8 Rg4 34. Rc7+ Kg6 35. Bh3 Bxd4+ 36. Kg2 Bb6 37. Rxb7 Rb4 38. Ne5+ Kg5 39. Nxc6 Rb2+ 40. Kf1 h5 41. Be6 d4 42. Bc4 Kf6 43. Ke1 Kf5 44. Kd1 Kg4 45. Kc1 Rxh2 46. Rxb6 Kxg3 47. Nxd4 h4 48. Nf5+ Kg4 49. Nxh4 Rxh4 50. Rf6 Rh2 51. Kb1 Kg5 52. Rf1 Kg6 53. Rc1 Kf5 54. Rc2 Rh1+ 55. Kb2 Ke5 56. Kc3 Kd6 57. Re2 Kc5 58. Re5+ Kc6 59. Re4 Rh2 60. Kd4 Rd2 61. Re6+ Kd7 62. Kc5 Rc2 63. Re4 Kc7 64. d4 Kd8 65. Kd5 Kd7 66. Rh4 Rg2 67. Rh7+ Kd8 68. Kd6 Rg6+ 69. Be6 1-0

[Event "Speed Chess GP2"]
[Site "Chess.com INT"]
[Date "2021.09.25"]
[Round "8"]
[White "Sreyas, Payyappat"]
[Black "Hilkevich, Zahar"]
[Result "0-1"]
[WhiteElo "2244"]
[BlackElo "2111"]
[PlyCount "84"]
[EventDate "2021.09.25"]
[EventType "swiss (blitz)"]
[EventRounds "10"]
[EventCountry "USA"]
[SourceTitle "CBM 204 Extra"]
[Source "ChessBase"]
[SourceDate "2021.11.30"]
[SourceVersion "1"]
[SourceVersionDate "2021.11.30"]
[SourceQuality "1"]

1. e4 d5 2. exd5 Nf6 3. d4 Nxd5 4. c4 Nf6 5. Nf3 Bg4 6. Be3 c6 7. Nc3 g6 8. Be2 Bg7 9. h3 Bxf3 10. Bxf3 0-0 11. Ne2 Nbd7 12. 0-0 e5 13. Ng3 Re8 14. Re1 e4 15. Be2 h6 16. Qc2 Nb6 17. Bf1 Qe7 18. Rad1 Rad8 19. Bc1 Qd7 20. c5 Nbd5 21. Nxe4 Nxe4 22. Rxe4 Rxe4 23. Qxe4 Nf6 24. Qf3 Nd5 25. Bc4 b5 26. Bxd5 Qxd5 27. Qxd5 Rxd5 28. Be3 f5 29. f4 Kf7 30. Kf2 Ke6 31. Ke2 a5 32. Kd3 Rd7 33. b3 Kd5 34. Kc3 Re7 35. Rd3 Rxe3 36. Rxe3 Bxd4+ 37. Kd3 Bxe3 38. Kxe3 Kxc5 39. g4 Kd5 40. Kf3 Kd4 41. h4 h5 42. gxh5 gxh5 0-1